| 000 | 01324nam a2200325 4500 | ||
|---|---|---|---|
| 001 | 0000021405 | ||
| 003 | CO-CtgCURN | ||
| 005 | 20250510151255.0 | ||
| 007 | ta | ||
| 008 | 160627s1997 000 0 eng d | ||
| 020 | _a9586650081 | ||
| 040 |
_aCO-CtgCURN _bspa _ccoctgcurn |
||
| 082 | 0 |
_a342.11 _bE525d |
|
| 100 | 1 | _aEly, John Hart. | |
| 245 | 1 | 0 |
_aDemocracia y desconfianza : _buna teoria del control constitucional / _cJohn Hart Ely , traductora Magdalena Holguin. |
| 260 |
_aBogotá : _bSiglo del Hombre Editores, _c1997. |
||
| 300 | _a291 p. | ||
| 336 | _2rdacontent | ||
| 337 |
_2rdamedia _asin mediacion _bn |
||
| 338 |
_2rdacarrier _avolumen _bnc |
||
| 490 | 1 | _aNuevo pensamiento juridico | |
| 500 | _aIncluye indice\Titulo original. : Democracy and distrust : a theory of judicial review. | ||
| 504 | _aBibliografia (p. 287-288) | ||
| 505 | 8 | _aLa seducción del textualismo.--la imposibilidad de un textualismo limitado por clausulas.--El descubrimiento de los valores fundamentales.El despejes de los canales del cambio politico.--Como facilitar la representacion de las memorias | |
| 650 | 1 | 4 | _aDerecho constitucional. |
| 700 | 1 | _aHolguin, Magdalena. | |
| 908 | _a160627 | ||
| 942 |
_cBK _h342.11 _iE525d _2ddc _n0 |
||
| 999 |
_c19005 _d19005 |
||